00435nam a2200109Ia 4500008004100000245019100041260004900232260000900281300001000290500000900300650001600309170224s9999 xx 000 0 und d a“Affective contingencies in the affiliative domain: Physiological assessment, associations with the affiliation motive, and prediction of behavior": Correction to Dufner et al. (2015). bJournal of Personality and Social Psychology c2016 a110:6 aJune xPsychology.